Violencia y memoria utópica /
Gardado en:
| Autor Principal: | |
|---|---|
| Formato: | Texto |
| Materias: | |
| Etiquetas: |
Engadir etiqueta
Sen Etiquetas, Sexa o primeiro en etiquetar este rexistro!
|
MARC
| LEADER | 00000 a a2200000 04500 | ||
|---|---|---|---|
| 001 | 44695 | ||
| 003 | |||
| 040 | |||
| 100 | |a Marchetti, Peter | ||
| 245 | |a Violencia y memoria utópica / |c Peter Marchetti | ||
| 650 | |a SANDINISMO | ||
| 650 | |a NICARAGUA | ||
| 650 | |a CLASES DOMINANTES | ||
| 650 | |a MARXISMO | ||
| 650 | |a RAZON | ||
| 650 | |a POLITICA | ||
| 650 | |a LIBERALISMO | ||
| 773 | |g páginas 65-79 | ||
| 999 | |c 28814 |d 28814 | ||
